000 00798nam a2200217 i 4500
001 106129
003 ES-MaACL
005 20250807210533.0
007 t|
008 061002s1869 sp ||||1| spa d
080 _a37.04-055.2
100 1 _aCastro, Fernando de,
_d1814-1874
_9150497
245 1 0 _aDiscurso que en la inauguración de las Conferencias Dominicales para la educación de la mujer leyó en la Universidad de Madrid... /
_cFernando de Castro el 21 de febrero de 1869.
260 _aMadrid :
_b[s.n.],
_c1869.
300 _a12 p. ;
_c25 cm.
594 _aTema del discurso: Carácter de la educación de la mujer.
650 4 _aMujeres-
_xEducación
_912094
710 2 _aUniversidad Central (Madrid)
_97084
852 4 _aES-MaACL
_jT-96-F-5
999 _c106129
_d106129